000 00524nam a2200145 a 4500
008 120416s1977 ||||||||||||||||| || u
050 _aHD 30.25 Smi
100 _aSmith, David Eugene
245 1 0 _aQuantitative business analysis
260 _aNew York
_bJohn Wiley and Sons
_c1977
350 _a0.00
650 _aMANAGEMENT--QUANTITATIVE ANALYSIS
650 0 _aMANAGEMENT
995 _D0.00
_FCBU-MAIN LIBRARY (Kitwe)
_H1
_I0.00
_M1
_UDAMAGED
_ZMain Library Open Access Collection
999 _c55444
_d55444